<?xml version="1.0" encoding="UTF-8"?>
<marc:record xmlns:marc="http://www.loc.gov/MARC21/slim">
   <marc:leader>00000nam a2200000 a 4500</marc:leader>
   <marc:datafield ind1="1" ind2=" " tag="100">
      <marc:subfield code="a">Licht, Kira</marc:subfield>
      <marc:subfield code="4">aut</marc:subfield>
      <marc:subfield code="e">Verfasser/-in</marc:subfield>
   </marc:datafield>
   <marc:datafield ind1=" " ind2=" " tag="653">
      <marc:subfield code="a">Weibliche Jugend</marc:subfield>
   </marc:datafield>
   <marc:datafield ind1=" " ind2=" " tag="653">
      <marc:subfield code="a">Geheimnis</marc:subfield>
   </marc:datafield>
   <marc:datafield ind1=" " ind2=" " tag="653">
      <marc:subfield code="a">Erste Liebe</marc:subfield>
   </marc:datafield>
   <marc:datafield ind1=" " ind2=" " tag="653">
      <marc:subfield code="a">Himmel</marc:subfield>
   </marc:datafield>
   <marc:datafield ind1=" " ind2=" " tag="653">
      <marc:subfield code="a">Paris</marc:subfield>
   </marc:datafield>
   <marc:datafield ind1="0" ind2="0" tag="245">
      <marc:subfield code="a">Staub und Flammen</marc:subfield>
   </marc:datafield>
   <marc:datafield ind1="0" ind2="0" tag="245">
      <marc:subfield code="b">das zweite Buch der Götter; Jugendroman ab 14 - 17 Jahren</marc:subfield>
   </marc:datafield>
   <marc:datafield ind1=" " ind2="1" tag="264">
      <marc:subfield code="b">one</marc:subfield>
      <marc:subfield code="c">2019</marc:subfield>
   </marc:datafield>
   <marc:datafield ind1="1" ind2=" " tag="490">
      <marc:subfield code="a">Buch der Götter</marc:subfield>
   </marc:datafield>
   <marc:datafield ind1="1" ind2=" " tag="520">
      <marc:subfield code="a">Klappentext: Livias Welt steht Kopf: Seit sie in den Katakomben von Paris den geheimnisvollen Maél getroffen hat, ist in ihrem Leben nichts mehr wie zuvor. Er offenbart ihr nicht nur, dass die griechischen Gottheiten mitten unter den Menschen leben, sondern hat ihr ganz nebenbei auch noch ordentlich den Kopf verdreht. Als Maél eines Vebrechens angeklagt und im Olymp eingekerkert wird, zögert Livia nicht lange. Sie wird Maéls Unschuld beweisen. Ausgerechnet Maéls Halbbruder Enko scheint der Einzige zu sein, der ihr helfen kann. Zusammen machen sie eine unglaubliche Entdeckung: Nicht nur Maél ist in Gefahr, sondern die gesamte Menschheit ...  Über den Autor und weitere Mitwirkende Kira Licht ist in Japan und Deutschland aufgewachsen und studierte Biologie und Humanmedizin. Sie lebt, liebt und schreibt in Bochum, reist aber gerne um die Welt.</marc:subfield>
   </marc:datafield>
   <marc:datafield ind1=" " ind2=" " tag="020">
      <marc:subfield code="a">9783846600900</marc:subfield>
      <marc:subfield code="9">9783846600900</marc:subfield>
   </marc:datafield>
</marc:record>
